00602nam a22001575i 4500001000700000003000900007005001700016008004100033040002500074100002900099245008700128250002800215260009400243300002900337852007800366167302ES-MaACL20250818063111.0981002q18701925sp a |||| | spa d aGA bspa cCCPB | 3D1 aVerne, Jules,d1828-190510aMartín Paz / cobra escrita en francés por Julio Verne ; versión española. aEd. ilustrada con grab. aMadrid : bSáenz de Jubera, Hermanos, c[s.a.] (fEstab. tip. Sucesores de Rivadeneyra) a28 p. : bil. ; c28 cm. aES-MaACLjB-12390(3) z-- Enc. ed. en tela roja con planchas polícromas